De luxuria propagata romana aetate = Roman luxury in its many forms /
This volume focuses on luxonomics, or the economy of luxury in Roman times, and how its study is an element that is essential to understanding the history of the period. Organised in chronological order, the evolution of the luxury economy is divided into areas of consumption, production, and critic...
مؤلفون آخرون: ,
التنسيق: كتاب الكتروني
اللغة:
English
French
Italian
Spanish
منشور في:
Oxford :
Archaeopress Publishing Ltd,
2023.
سلاسل:
Access archaeology.
الموضوعات:
الوصول للمادة أونلاين: Login to view Source
الوسوم: إضافة وسم
رقم الطلب: HC39
| LEADER | 02199nam a2200493 i 4500 | ||
|---|---|---|---|
| 001 | EDZ0003012651 | ||
| 003 | StDuBDS | ||
| 005 | 20230828071335.0 | ||
| 006 | m|||||o||d|||||||| | ||
| 007 | cr ||||||||||| | ||
| 008 | 230320s2023 enkab fob 000|0|eng|d | ||
| 020 | |a 9781803274218 (PDF ebook) : |c No price | ||
| 040 | |a StDuBDS |b eng |c StDuBDS |e rda |e pn | ||
| 041 | 0 | |a eng |a fre |a ita |a spa | |
| 050 | 4 | |a HC39 | |
| 082 | 0 | 4 | |a 937 |2 23 |
| 245 | 0 | 0 | |a De luxuria propagata romana aetate = |b Roman luxury in its many forms / |c edited by Lluís Pons Pujol, Jordi Pérez González. |
| 246 | 3 | 1 | |a Roman luxury in its many forms |
| 264 | 1 | |a Oxford : |b Archaeopress Publishing Ltd, |c 2023. | |
| 300 | |a 1 online resource (viii, 383 pages) : |b illustrations (black and white, and colour), maps (black and white, and colour). | ||
| 336 | |a text |2 rdacontent | ||
| 336 | |a still image |2 rdacontent | ||
| 336 | |a cartographic image |2 rdacontent | ||
| 337 | |a computer |2 rdamedia | ||
| 338 | |a online resource |2 rdacarrier | ||
| 490 | 1 | |a Access archaeology | |
| 500 | |a Also issued in print: 2023. | ||
| 504 | |a Includes bibliographical references. | ||
| 506 | 0 | |a Open access. | |
| 520 | 8 | |a This volume focuses on luxonomics, or the economy of luxury in Roman times, and how its study is an element that is essential to understanding the history of the period. Organised in chronological order, the evolution of the luxury economy is divided into areas of consumption, production, and criticism. | |
| 521 | |a Specialized. | ||
| 546 | |a Text in English, French, Italian and Spanish. | ||
| 588 | |a Description based on online resource; title from PDF title page (viewed on July 28, 2023). | ||
| 651 | 0 | |a Rome |x Economic conditions. | |
| 650 | 0 | |a Luxury |x History |y To 1500. | |
| 650 | 0 | |a Luxuries |z Rome. | |
| 700 | 1 | |a Pons, Lluís, |e editor. | |
| 700 | 1 | |a Pérez González, Jordi, |e editor. | |
| 776 | 0 | 8 | |i Print version : |z 9781803274201 |
| 830 | 0 | |a Access archaeology. | |
| 856 | 4 | 0 | |u http://library.arce.org:8087/Archaeopress/Products/9781803274201 |
| 942 | |2 lcc |c EBOOK | ||
| 952 | |0 0 |1 0 |4 0 |6 HC0039 |7 1 |9 49714 |a ARCH |b ARCH |d 2023-08-28 |l 0 |o HC39 |r 2023-08-28 00:00:00 |w 2023-08-28 |y EBOOK | ||
| 999 | |c 54357 |d 54357 | ||
